| 000 | 00434nam a22001697a 4500 | ||
|---|---|---|---|
| 003 | CEME | ||
| 005 | 20210628205117.0 | ||
| 008 | 210225b xxu||||| |||| 00| 0 eng d | ||
| 020 | _a0-7923-9727-4 | ||
| 040 | _c. | ||
| 082 | _a621.382 PAR'P | ||
| 100 |
_aPark, Kun _973961 |
||
| 245 | _aPersonal and wireless communication digital technology and standards | ||
| 260 |
_aBOSTON _bKLUWER _c1996 |
||
| 300 | _a230P | ||
| 942 |
_cBK _2ddc |
||
| 999 |
_c579565 _d579565 |
||